|
|
|
|
| LEADER |
00000cam a2200000 7i4500 |
| 001 |
0000000265 |
| 005 |
20000726.0 |
| 020 |
0 |
0 |
|a 967890876X
|
| 090 |
0 |
0 |
|a MR343.59509944
|b MAL 1997
|
| 110 |
1 |
0 |
|a MALAYSIA
|
| 245 |
1 |
0 |
|a Undang-undang Siber Malaysia :
|b Mengandungi Akta Tandatangan Digital 1997 (Akta 562), Akta Jenayah Komputer 1997 (Akta 563), Akta Telemedicine 1997 (Akta 564) :
|b hingga 31hb Ogos 1997
|c disusun oleh Lembaga Penyelidikan Undang-Undang
|
| 260 |
0 |
0 |
|a Kuala Lumpur :
|b International Law Book Services ,
|c 1997
|
| 300 |
|
|
|a 89 p. ;
|c 24 cm.
|
| 650 |
0 |
0 |
|a Computer crimes
|x Law and legislation
|z Malaysia
|
| 650 |
0 |
0 |
|a Computer networks
|x Law and legislation
|z Malaysia
|
| 650 |
0 |
0 |
|a Medical telematics
|x Law and legislation
|z Malaysia
|
| 710 |
1 |
1 |
|a Lembaga Penyelidikan Undang-Undang
|
| 710 |
1 |
1 |
|a Malaysia
|t Akta Jenayah Komputer, 1997 (Akta 563)
|
| 710 |
1 |
1 |
|a Malaysia
|t Akta Tandatangan Digital, 1997 (Akta 562)
|
| 710 |
1 |
1 |
|a Malaysia
|t Akta Telemedicine, 1997 (Akta 564)
|
| 999 |
|
|
|a 0000001415
|b Monograph
|c Reference
|e Default branch
|